000 00503nam a2200193Ia 4500
003 OSt
005 20230923124001.0
008 210210b1963 xxu||||| |||| 00| 0 eng d
040 _cAL
041 _aKannada
082 _a859/646
100 _aTA RA SU
_dತ. ರಾ.ಸು
_9134968
245 _aShilpashri
_bಶಿಲ್ಪಶ್ರಿ
260 _aBengaLUru
_bKe Sitaramashetti
_c1963
650 _aShilpashrI
_9134969
690 _aKannada Fiction
_9134970
906 _a021498
942 _2ddc
_cBK
999 _c145585
_d145585